nourrituuuuuuure - Statistiques

Statistiques générales
  • Ce quiz a été pris 174 fois
  • Le résultat moyen est 1 sur 9
Statistiques - réponses
Par images Réponse % Correct
chocolatine
100%
chocol croisant
8%
raisintine
3%
bouée gourmande
0%
eclaire de zeus
0%
foret très sombre
0%
gateau licorne
0%
macaroni
0%
quartier de lune
0%
Aucun quiz correspondant
Distribution des résultats
% des personnes avec chaque résultat
Percentile par nombre de réponses
Votre historique - résultats
Vous n’avez pas pris ce quiz